| 000 -LEADER |
| fixed length control field |
00604nam a22002057a 4500 |
| 001 - CONTROL NUMBER |
| control field |
8541 |
| 003 - CONTROL NUMBER IDENTIFIER |
| control field |
BD-DhUAP |
| 005 - DATE AND TIME OF LATEST TRANSACTION |
| control field |
20210201153246.0 |
| 008 - FIXED-LENGTH DATA ELEMENTS--GENERAL INFORMATION |
| fixed length control field |
201221s1984 ii a|||| |||| 001 0 eng d |
| 040 ## - CATALOGING SOURCE |
| Original cataloging agency |
BD-DhUAP |
| Language of cataloging |
Eng |
| Transcribing agency |
BD-DhUAP |
| Modifying agency |
BD-DhUAP |
| 082 ## - DEWEY DECIMAL CLASSIFICATION NUMBER |
| Edition number |
23 |
| Classification number |
624.1834 VAR |
| 100 ## - MAIN ENTRY--PERSONAL NAME |
| Personal name |
Rahman, Shafi-Ur. |
| 245 ## - TITLE STATEMENT |
| Title |
Reinforced concrete manual and building plan / |
| Statement of responsibility, etc. |
Shafi-Ur Rahman and Abul Faraz Khan. |
| 250 ## - EDITION STATEMENT |
| Edition statement |
1st ed. |
| 260 ## - PUBLICATION, DISTRIBUTION, ETC. |
| Place of publication, distribution, etc. |
Dhaka : |
| Name of publisher, distributor, etc. |
Farah, |
| Date of publication, distribution, etc. |
c1993. |
| 300 ## - PHYSICAL DESCRIPTION |
| Extent |
404 pages : |
| Other physical details |
illustrations ; |
| Dimensions |
25 cm. |
| 650 ## - SUBJECT ADDED ENTRY--TOPICAL TERM |
| Topical term or geographic name entry element |
Reinforced concrete |
| 700 ## - ADDED ENTRY--PERSONAL NAME |
| Personal name |
Khan, Abul Faraz. |
| 942 ## - ADDED ENTRY ELEMENTS (KOHA) |
| Source of classification or shelving scheme |
|
| Koha item type |
Book |